Дело об увольнении исполняющего должность профессора Нежинского лицея А.Л. Андржеевского

Доступно только в Электронных читальных залах Найти на картеНа карте
RUSMARC
00004238nmc2a2200000 x 450
00122b58b36-ff0e-480f-9b3f-c6044c229e82
00520170420193659.0
100##$a20140910l18401842k l0rusy0189 ca
1010#$arus
102##$aRU
2001#$aДело об увольнении исполняющего должность профессора Нежинского лицея А.Л. Андржеевского
$j15 ноября 1840 г. - 14 февраля 1842 г.
251##$cДело
300##$aДело
300##$aОриг. заголовок дела: Дело о назначении пенсии исправляющему должность профессора в лицее князя Безбородко Анржевскому, с оставлением на службе. 15 ноября 1840 г. - 14 февраля 1842 г
801#0$aRU
$bРГИА
$c20140910
$gRCR
801#1$aRU
$bГлавНИВЦ
$c20140910
$2rusmarc
801#2$aRU
$bПБ им. Б.Н. Ельцина
$c20170420
$gRCR
$2rusmarc
850##$aРГИА
852##$aРГИА
$eФедеральное казенное учреждение "Российский государственный исторический архив" (РГИА)
$j543
937##$hРГИА
$d11177959
$aASBIBLIO_SCAN
462#0$1001460feb74-7b04-4139-aeb0-b9d27856a1ef
$12001
$aДела Департамента народного просвещения по Киевскому учебному округу за 1804-1844 гг.
$1251
$cОпись
$1852
$j69
461#0$1001a74412a3-3cc5-4d21-8f0a-dfe2fbd9e72d
$12001
$aДепартамент народного просвещения Министерства народного просвещения (1803-1917)
$1251
$cФонд
$1852
$j733
215##$a55 л.
$d36,5х26 см
371##$aДокумент не является опубликованным и широко распространяемым
105##$ay###
1222#$ad
5171#$aДело о назначении пенсии исправляющему должность профессора в лицее князя Безбородко Анржевскому, с оставлением на службе. 15 ноября 1840 г. - 14 февраля 1842 г
035##$a22b58b36-ff0e-480f-9b3f-c6044c229e82
856##$uhttp://readingroom.main.prlib.ru/item.aspx?id_node=n97335474&mode=full
Формат отображения